000
002360000a22000970004500
100
1
_a
Christensen, Chuck
245
1
0
_a
When christians lose face
300
_a
Núm 76 (1996), Páginas 14-15
773
0
_t
World Evangelization
942
_c
ANA
999
_c
57528
_d
57528